Normal view
MARC view
- Foster, Viv
Entry Personal Name
001 - CONTROL NUMBER
- control field: 121193
003 - CONTROL NUMBER IDENTIFIER
- control field: NUST
005 - DATE AND TIME OF LATEST TRANSACTION
- control field: 20240223094612.0
008 - FIXED-LENGTH DATA ELEMENTS
- fixed length control field: 240223|| aca||aabn | a|a d
040 ## - CATALOGING SOURCE
- Original cataloging agency: NUST
- Transcribing agency: NUST
100 ## - HEADING--PERSONAL NAME
- Personal name: Foster, Viv
670 ## - SOURCE DATA FOUND
- Source citation: Work cat.: (NUST): The stained glass handbook /, c2006.
